Statistics for Countries by COVID-19 cases & deaths

Click here to take the quiz!

General Stats

  • This quiz has been taken 579 times
    (306 since last reset)
  • The average score is 44 of 64

Answer Stats

DeathsNumber of casesCountry% Correct
56.173995.237United States of America
99%
20.732152.840United Kingdom
97%
4.63382.830China Mainland
94%
26.977199.414Italy
93%
4.29863.328Brazil
91%
22.856162.688France
91%
88628.380India
91%
79487.147Russia
91%
23.521229.422Spain
89%
5.985158.142Germany
87%
37213.441Japan
87%
2.70147.246Canada
84%
2.27418.926Sweden
83%
1.35114.677Mexico
82%
5.80691.472Iran
81%
24310.738South Korea
80%
836.720Australia
79%
1923.892Argentina
78%
2057.554Norway
78%
4.51838.245The Netherlands
78%
19813.813Chile
77%
2.900112.261Turkey
76%
1934.695Finland
75%
56211.902Poland
75%
92824.027Portugal
75%
3374.782Egypt
74%
7.20746.687Belgium
73%
29213.915Pakistan
73%
1.64029.164Switzerland
73%
7659.069Indonesia
72%
72825.517Peru
72%
874.546South Africa
72%
4278.698Denmark
70%
1362.534Greece
70%
14418.811Saudi Arabia
70%
2445.379Colombia
69%
1.10219.648Ireland
69%
2209.009Ukraine
69%
54915.466Austria
67%
522.931Thailand
67%
7610.349UAE
62%
63111.339Romania
61%
995.820Malaysia
59%
1624.120Morocco
58%
20215.466Israel
57%
1414.423Singapore
57%
5117.777Philippines
56%
1525.913Bangladesh
55%
592.039Croatia
55%
2227.431Czech Republic
55%
2802.583Hungary
54%
1011.244Qatar
54%
4323.517Algeria
53%
7511.289Belarus
53%
102.049Oman
53%
1628.275Serbia
53%
57622.719Ecuador
50%
252.835Kazakhstan
47%
82.708Bahrain
42%
223.288Kuwait
42%
883.729Luxembourg
40%
1655.779Panama
40%
1023.481Moldova
33%
2826.293Dominican Republic
21%

Score Distribution

Percentile by Number Answered

Percent of People with Each Score

Your Score History

You have not taken this quiz since the last reset